Concurso Pb︢lico: Deste jeito eu consigo!

Detalles Bibliográficos
Autor principal: Cassiano, Amador
Formato: Libro
Lenguaje:portugués
Publicado: Brasil LEUD 2004
Materias:
Acceso en línea:Acceso restringido

MARC

LEADER 00000nam a22000007a 4500
005 20160413144258.0
007 cr|||| ||u|
008 160413s2004 bl ||||| |||| 00||0 por d
020 |a 85-7456-181-9 
035 |a 14099 
040 |a vLex  
090 |c 5991  |d 5991 
100 1 |a Cassiano, Amador 
245 1 0 |a Concurso Pb︢lico: Deste jeito eu consigo!  |h [Recurso electrn̤ico] /  |c Amador Cassiano  
256 |a Servicio en ln̕ea  
260 |a Brasil  |b LEUD  |c 2004 
300 |a 1 recurso electrn̤ico (1® ediȯ̂ 116 pg̀inas)  
506 1 |a Contenido solo disponible en los productos indicados   |d vLex Global  |d vLex Global (Academic Edition, excluding Law Schools)  |d vLex Global (U.S. Academic Edition, Law Schools)  |d vLex Global (U.S. Academic Edition, excluding Law Schools)  |d vLex Global (Academic Edition, Law Schools) 
650 0 4 |a Concursos   |z Brasil 
740 0 |a vLex libros (servicio en ln̕ea)  
856 4 0 |u http://vlex.com/source/concurso-publico-14099  |z Acceso restringido  
942 |c BOOK 
999 0 |a Contests  |b Brasil